| 000 | 00684cam a2200241 a 4500 | ||
|---|---|---|---|
| 001 | 3982682 | ||
| 005 | 20180313050049.0 | ||
| 008 | 960130s1996 miuk 000 0 eng | ||
| 010 | _a 95081890 | ||
| 020 | _a0964843005 | ||
| 040 |
_aDLC _cDLC _dDLC |
||
| 041 | _aeng | ||
| 043 | _an-us--- | ||
| 080 | _a343.73/07661 jul | ||
| 082 | 0 | 0 |
_a343.73/07661 jul _221 |
| 100 | 1 | _a14 | |
| 101 | _ajur | ||
| 245 | 1 | 0 |
_aEquine law & horse sense / _cJulie I. Fershtman. |
| 246 | 1 | 4 | _aEquine law and horse sense |
| 906 |
_a7 _bcbc _corignew _d2 _eopcn _f19 _gy-gencatlg |
||
| 942 |
_2ddc _cBK |
||
| 999 |
_c44830 _d44830 |
||